Movies Quiz

Random Movies or Quick Pick Quiz

Quick Pick Best Pictures by Characters (1985-1994) Quiz Stats

 Plays Quiz not verified by Sporcle

Score 0/10 Timer 01:00
0 Plays Today
% Correct
Forrest Gump
96.5%
The Silence of the Lambs
96.5%
Schindler's List
93%
The Last Emperor
93%
Dances with Wolves
91.5%
Platoon
89.8%
Rain Man
87.7%
Driving Miss Daisy
87%
Out of Africa
84.5%
Unforgiven
82%

You're not logged in!

Compare scores with friends on all Sporcle quizzes.
OR
Log In

You Might Also Like...

Show Comments

Extras

Top Quizzes Today


Score Distribution

Your Account Isn't Verified!

In order to create a playlist on Sporcle, you need to verify the email address you used during registration. Go to your Sporcle Settings to finish the process.

Report this User

Report this user for behavior that violates our Community Guidelines.

Details: